000 00751nam a2200253 i 4500
001 6963
003 ES-MaACL
005 20230906145130.0
007 t|
008 900713s1985 sp ||||1| spa d
020 _a84-345-8366-6
080 _a612.82
080 _a621-52
100 1 _aJastrow, Robert.
_966158
245 1 3 _aEl Telar magico
_b: el cerebro humano y el ordenador /
_cRobert Jastrow.
260 _aBarcelona :
_bSalvat,
_cD.L. 1985.
300 _aX, 185 p. :
_bil ;
_c19 cm.
490 1 _aBiblioteca científica Salvat ;
_v7
650 4 _aCerebro.
_910903
650 1 4 _aOrdenadores.
_915740
830 0 _aBiblioteca científica Salvat ;
_v7
_9177703
852 _aES-MaACL
_jL-14101
_bR.117691
_z. - rust.
999 _c6963
_d6963